000 01189cam a22003014a 4500
001 12367755
003 OSt
005 20240628104754.0
008 000720s2000 enka f b 001 0 eng
010 _a 2001339581
020 _a0333690834 (pbk.)
035 _a(UkLWHE)b000070542
040 _aDLC
_cMUST
_dDLC
082 0 0 _a361.3 MEN 2001
245 0 0 _aMen and social work :
_btheories and practices /
_cedited by Alastair Christie.
260 _aHoundmills, Basingstoke, Hampshire ; New York, N.Y. :
_bPalgrave,
_c2001.
300 _aix, 197 p. :
_bill. ;
_c22 cm.
504 _aIncludes bibliographical references (p. 164-186) and index.
650 0 _aMale social workers
_zGreat Britain.
_918296
650 0 _aSex role in the work environment
_zGreat Britain.
_918297
650 0 _aSocial service
_xSex differences
_zGreat Britain.
_918298
650 0 _aSocial service
_zGreat Britain.
_918299
700 1 _aChristie, Alastair.
_918300
700 1 _aCampling, Jo.
_918301
906 _a7
_bcbc
_corigres
_d2
_encip
_f20
_gy-gencatlg
942 _2ddc
_cO_SHELF
999 _c9006
_d9006